Les chats dans l'art - Statistiques

Statistiques générales
  • Ce quiz a été pris 36 fois
  • Le résultat moyen est 3 sur 20
Statistiques - réponses
Hint Réponse % Correct
Pablo Picasso
67%
Utagawa Kuniyoshi
57%
Pierre Bonnard
27%
Niki de Saint Phalle
20%
Pierre-Auguste Renoir
20%
Suzanne Valadon
20%
Charles van den Eycken
17%
Paul Klee
17%
Franz Marc
13%
Francisco de Goya
10%
Henri de Toulouse-Lautrec
10%
Louis Wain
10%
Marguerite Gérard
10%
Théodore Géricault
10%
Carl Kahler
7%
Henriette Ronner-Knip
7%
Saul Steinberg
7%
Théophile-Alexandre Steinlen
7%
Jules le Roy
3%
Walasse Ting
3%
Aucun quiz correspondant
Distribution des résultats
% des personnes avec chaque résultat
Percentile par nombre de réponses
Votre historique - résultats
Vous n’avez pas pris ce quiz